Statistics for Science General Knowledge-Multiple Choice #1

Click here to take the quiz!

General Stats

  • This quiz has been taken 2,810 times
    (2,797 since last reset)
  • The average score is 9 of 20

Answer Stats

QuestionAnswer% Correct
Atmospheric pressure is measured in through which instrument?Barometer
87%
Metal liquid at room temperatureMercury
87%
Anemia is caused due to deficiency ofIron
84%
Bending of light from its path on travelling from one medium to anotherRefraction
78%
Which of these is not a hormone?Pancreas
71%
Cotton fibers are made ofCellulose
56%
Which of the following has longest wavelength?Radio waves
52%
Which is NOT a unit of energy?Newton
50%
Which among these has zero electron affinity?Neon
49%
Flow of time increases when gravitydecreases
46%
Titan is satellite ofSaturn
37%
Color of acidified Potassium PermanganatePink
35%
S.I. unit of potential differenceVolt
35%
The metal which on reacting with dilute nitric acid releases hydrogen gas?Magnesium
34%
Which of these is NOT a eye disease?Myxoedema
32%
Bauxite is an ore ofAluminium
29%
Guttation takes place throughHydathodes
18%
H2SO3 is chemical formula of ____ acid.Sulfurous
18%
Opposite angles of a cyclic quadrilateral areSupplementary
13%
Laughing Gas isDinitrogen monoxide
12%

Score Distribution

Percentile by Number Answered

Percent of People with Each Score

Your Score History

You have not taken this quiz since the last reset